NFL Teams by Time Zone Quiz Stats

 Plays Quiz Updated Oct 8, 2018

Challenge
Share
Tweet
Embed
Score 0/32 Timer 06:00
5 Plays Today
Question Answer Wrong Answers
Jets Eastern
93.5%
Central
0.6%
Mountain
0.3%
Pacific
0.4%
Patriots Eastern
93.2%
Central
0.8%
Mountain
0.3%
Pacific
0.4%
Dolphins Eastern
92.4%
Central
0.9%
Mountain
0.3%
Pacific
1.2%
Eagles Eastern
92.3%
Central
1.5%
Mountain
0.5%
Pacific
0.5%
Bills Eastern
92.1%
Central
1.6%
Mountain
0.7%
Pacific
0.4%
Giants Eastern
92%
Central
0.6%
Mountain
0.2%
Pacific
1.9%
49ers Pacific
91.9%
Eastern
1.6%
Central
0.6%
Mountain
0.6%
Ravens Eastern
91.5%
Central
2.1%
Mountain
0.6%
Pacific
0.5%
Seahawks Pacific
90.9%
Eastern
1.9%
Central
0.6%
Mountain
1.4%
Buccaneers Eastern
90.7%
Central
2%
Mountain
0.6%
Pacific
1.6%
Panthers Eastern
90.7%
Central
2.6%
Mountain
0.7%
Pacific
0.7%
Raiders Pacific
90.7%
Eastern
2%
Central
1%
Mountain
1.1%
Chargers Pacific
90.5%
Eastern
1.9%
Central
1.2%
Mountain
1.1%
Jaguars Eastern
90%
Central
2.7%
Mountain
0.7%
Pacific
1.2%
Steelers Eastern
89.9%
Central
4%
Mountain
0.4%
Pacific
0.4%
Redskins Eastern
89.6%
Central
1.5%
Mountain
0.7%
Pacific
2.9%
Falcons Eastern
87.8%
Central
5.1%
Mountain
0.8%
Pacific
0.8%
Broncos Mountain
87.4%
Eastern
1.4%
Central
4.2%
Pacific
1.8%
Texans Central
86.8%
Eastern
2%
Mountain
5.2%
Pacific
0.7%
Cowboys Central
86.4%
Eastern
2.7%
Mountain
4.9%
Pacific
0.8%
Vikings Central
85.7%
Eastern
4.3%
Mountain
4.3%
Pacific
0.5%
Packers Central
85.1%
Eastern
6.9%
Mountain
2.2%
Pacific
0.6%
Bears Central
83.4%
Eastern
10.4%
Mountain
0.8%
Pacific
0.3%
Chiefs Central
82.5%
Eastern
3.2%
Mountain
8%
Pacific
1%
Rams Pacific
82.1%
Eastern
2.1%
Central
9%
Mountain
1.5%
Browns Eastern
76.2%
Central
17.4%
Mountain
0.8%
Pacific
0.3%
Saints Central
74.7%
Eastern
18.2%
Mountain
1%
Pacific
0.9%
Bengals Eastern
73.9%
Central
19.4%
Mountain
0.9%
Pacific
0.4%
Titans Central
52%
Eastern
41%
Mountain
1.3%
Pacific
0.6%
Lions Eastern
51.1%
Central
42.3%
Mountain
1%
Pacific
0.4%
Cardinals Mountain
50.8%
Eastern
2.5%
Central
10.3%
Pacific
31.3%
Colts Eastern
44.9%
Central
47.8%
Mountain
1.7%
Pacific
0.5%

You're not logged in!

Compare scores with friends on all Sporcle quizzes.
OR
Log In

You Might Also Like...

Show Comments

Extras

Top Quizzes Today


Score Distribution

Your Account Isn't Verified!

In order to create a playlist on Sporcle, you need to verify the email address you used during registration. Go to your Sporcle Settings to finish the process.

Report this User

Report this user for behavior that violates our Community Guidelines.

Details: